| 000 | 00433nam a2200169Ia 4500 | ||
|---|---|---|---|
| 008 | 230524s9999 xx 000 0 und d | ||
| 020 | _a978938232985 | ||
| 082 | _bGUP | ||
| 100 |
_aS.K Gupta _943005 |
||
| 245 | 0 | _aPower System Operation Control & Restructuring | |
| 250 | _a1 | ||
| 260 |
_aNew Delhi _bI.K.International _c2015 |
||
| 300 | _a"XVII,893p;" | ||
| 500 | _aQuantity Number: 1 | ||
| 650 | _aElectrical | ||
| 942 | _cBK | ||
| 999 |
_c57951 _d57951 |
||